Anales de la Academia Sevillana del Notariado Ciclo de conferencias curso 2018-2020 Tomo XXX

Detalles Bibliográficos
Formato: eBook
Lenguaje:español
Publicado: Sevilla: Academia Sevillana del Notariado, 2020
Colección:Anales de la Academia Sevillana del Notariado
Materias:
Acceso en línea:Acceso restringido

MARC

LEADER 00000nam a22000007a 4500
005 20210803232928.0
007 cr|||| |||
008 210803s2020 es |||||s|||| 00||0 spa d
020 |a 978-84-937762-3-7 
035 |a 34910 
040 |a vLex 
090 |c 11888  |d 11888 
245 0 0 |a Anales de la Academia Sevillana del Notariado  |h [Recurso electrn̤ico] :  |b Ciclo de conferencias curso 2018-2020  |n Tomo XXX 
256 |a Servicio en ln̕ea 
260 |a Sevilla:  |b Academia Sevillana del Notariado,  |c 2020 
300 |a 1 recurso electrn̤ico 
490 0 |a Anales de la Academia Sevillana del Notariado 
506 1 |a Disponible solo en los productos indicados  |d vLex Global  |d vLex Global (Academic Edition, excluding Law Schools)  |d vLex Global (U.S. Academic Edition, Law Schools)  |d vLex Global (U.S. Academic Edition, excluding Law Schools)  |d vLex Global (Academic Edition, Law Schools) 
650 0 4 |a Derecho Civil  |z Espaą 
740 0 |a vLex Libros (Servicio en ln̕ea) 
856 4 0 |u https://app.vlex.com/#/sources/34910  |z Acceso restringido 
942 |c BOOK 
999 0 |a Civil Law